000
00269 a2200121 4500
001
32284
082
_a
658.404 LOC
090
_c
21671
_d
21671
100
_a
Lock, Dennis
245
_a
Project Management, 5/e
250
_a
5
260
_a
Hants England
_b
Gower
_c
1992
942
_a
NUST-CAE
_k
658.404 LOC
999
_c
267357
_d
267357